1177 1381 1391 1488 1989 1064 1179 1646 1603 1209 1918 1632 1410 1684 1777 1353 1753 1271 1213 1589 1260 1687 1571 1980 1196 1569 1870 1462 1303 1060 1417 1035 1147 1314 1065 1562 1557 1765 1581 1302 1934 1892 1071 1083 1500 1456 1558 1088 1799 1066 1306 1189 1877 1992 1699 1235 1165 1435 1480 1612 1663 1897 1559 1927 1388 1221 1621 1558 1364 1956 1844 1695 1316 1245 1649 1776 1925 1533 1658 1841 1452 1741 1473 1571 1848 1901 1717 1700 1725 1829 1801 1686 1278 1209 1678 1982 1112 1204 1020 BCNSPRNW ULIB Ver.6.0+V

เปลี่ยนเป็นภาษาไทย

Change to English
 แสดงรายละเอียดบรรณานุกรม
  กลับหน้าหลัก

Brief Record : Get Marc (ISO 2709) : E-mail record : QR code < ปิดหน้าต่าง
LEADER : 00000nam 2200000uu 4500
001    13399123235
003     ULIB
008    020711s2548 th a 000 0 tha d
050 14 LB1027^bส111ค
110    กระทรวงการท่องเที่ยวและกีฬา.^bกรมพลศึกษา.^bสถาบันพัฒนาบุคลากรการพลศึกษาและการกีฬา.
245    คู่มือการฝึกอบรมผู้ฝึกสอนกีฬาระดับพื้นฐานฟุตบอล/^cสถาบันพัฒนาบุคลากรการพลศึกษาและการกีฬา
260    กรุงเทพฯ :^bโรงพิมพ์สหกรณ์การเกษตรแห่งประเทศไทย,^c2548
300    138 หน้า;^b26 ซม.
650    ฟุตบอล
945    ^p0^l0^i20366
999    ^aทศพร เกษรทอง
รายการนี้ยังไม่มีแท็ก
คุณยังไม่ได้ล็อกอิน คุณสามารถมีกิจกรรมร่วมกับเว็บไซต์ได้ แต่ต้องล็อกอินก่อน ::
  ล็อกอิน

รายการสื่อสารสนเทศ

ลำดับที่ ประเภท เลขเรียก/บาร์โค้ด สถานที่ สถานะ
1. การศึกษาทั่วไป
การศึกษาทั่วไป
LB1027 ส111ค ฉ.1 
  Barcode: 20366
ห้องสมุดวิทยาเขตนครสวรรค์
►หนังสือทั่วไป:l:General Books
บนชั้น
Note:อภินันทนาการ

BibComment


ยังไม่เคยถูกคอมเมนท์

คอมเมนท์ทรัพยากรรายการนี้
  คอมเมนท์: คู่มือการฝึกอบรมผ..


 Copyright 2026. Bcnsprnw @Library